| 000 | 01330nam a2200385 c 4500 | ||
|---|---|---|---|
| 001 | 44558 | ||
| 003 | ES-MaCES | ||
| 005 | 20150925135800.0 | ||
| 008 | 140421s2013 sp | | o||0 | spa d | ||
| 017 |
_aM 30739-2013 _bDL |
||
| 020 | _a9788486864408 | ||
| 040 |
_aES-MaCES _bspa _cES-MaCES |
||
| 100 | 1 |
_934871 _aRoca Martínez, Beltrán |
|
| 245 | 1 | 0 |
_aContrapoder sindical _b: etnografía, crítica e investigación aplicada en las organizaciones sindicales _cBeltrán Roca Martínez |
| 250 | _a1ª ed | ||
| 260 |
_aMadrid _bFundación de Estudios Libertarios Anselmo Lorenzo _c2013 |
||
| 300 |
_a113 p. _c21 cm |
||
| 490 | 0 |
_aHerramientas _v1 |
|
| 504 | _aBibliografía: p. 107-111 | ||
| 541 | _cCompra | ||
| 650 | 4 |
_asindicalismo _929453 |
|
| 650 | 4 |
_apoder sindical _930599 |
|
| 650 | 4 |
_arivalidad sindical _929804 |
|
| 650 | 4 |
_apapel del sindicato _930660 |
|
| 650 | 4 |
_amovimiento obrero _928368 |
|
| 650 | 4 |
_acambio social _927286 |
|
| 650 | 4 |
_aEspaña _926964 |
|
| 653 | 1 | 0 | _aRelaciones laborales-Empleo |
| 650 | 4 |
_928369 _arelaciones laborales |
|
| 650 | 4 |
_928377 _asindicato |
|
| 710 | 2 |
_aFundación de Estudios Libertarios "Anselmo Lorenzo" _eed. _93797 |
|
| 830 | 0 |
_aHerramientas (Fundación de Estudios Libertarios "Anselmo Lorenzo") _934870 _v1 |
|
| 902 | _aLIB Libro | ||
| 942 |
_2CES _cBK _h2.0. |
||
| 999 |
_c44558 _d44558 |
||